<?xml version="1.0" encoding="UTF-8"?>
<record
    xmlns:xsi="http://www.w3.org/2001/XMLSchema-instance"
    xsi:schemaLocation="http://www.loc.gov/MARC21/slim http://www.loc.gov/standards/marcxml/schema/MARC21slim.xsd"
    xmlns="http://www.loc.gov/MARC21/slim">

  <leader>00930nam a22002177a 4500</leader>
  <controlfield tag="003">SEM</controlfield>
  <controlfield tag="005">20220608073255.0</controlfield>
  <controlfield tag="008">160520b        xxu||||| |||| 00| 0 arm</controlfield>
  <datafield tag="020" ind1=" " ind2=" ">
    <subfield code="a">580840505X</subfield>
  </datafield>
  <datafield tag="040" ind1=" " ind2=" ">
    <subfield code="a">&#x54D;&#x537;&#x544;</subfield>
    <subfield code="c">&#x54D;&#x537;&#x544;</subfield>
  </datafield>
  <datafield tag="041" ind1="0" ind2=" ">
    <subfield code="a">arm.</subfield>
  </datafield>
  <datafield tag="245" ind1="1" ind2="0">
    <subfield code="a">&#x53A;&#x578;&#x582;&#x57C;&#x576;&#x561;&#x56C;&#x56B;&#x57D;&#x57F;&#x56B;&#x56F;&#x561;: </subfield>
    <subfield code="b">(&#x54F;&#x565;&#x57D;&#x578;&#x582;&#x569;&#x575;&#x561;&#x576; &#x587; &#x57A;&#x561;&#x57F;&#x574;&#x578;&#x582;&#x569;&#x575;&#x561;&#x576; &#x570;&#x561;&#x580;&#x581;&#x565;&#x580;): / </subfield>
    <subfield code="c">&#x53D;&#x574;&#x562;.&#x55D; &#x533;. &#x531;&#x576;&#x561;&#x576;&#x575;&#x561;&#x576;; &#x535;&#x54A;&#x540;, &#x53A;&#x578;&#x582;&#x57C;&#x576;&#x561;&#x56C;&#x56B;&#x57D;&#x57F;&#x56B;&#x56F;&#x561;&#x575;&#x56B; &#x586;&#x561;&#x56F;&#x578;&#x582;&#x56C;&#x57F;&#x565;&#x57F;</subfield>
  </datafield>
  <datafield tag="260" ind1=" " ind2=" ">
    <subfield code="a">&#x535;&#x580;&#x587;&#x561;&#x576;:</subfield>
    <subfield code="b">&#x535;&#x54A;&#x540; &#x570;&#x580;&#x561;&#x57F;.,</subfield>
    <subfield code="c">2003.</subfield>
  </datafield>
  <datafield tag="300" ind1=" " ind2=" ">
    <subfield code="a">&#x567;&#x57B;;</subfield>
    <subfield code="b">20 &#x57D;&#x574;.</subfield>
  </datafield>
  <datafield tag="505" ind1=" " ind2=" ">
    <subfield code="a">&#x54A;&#x580;&#x561;&#x56F; &#x536; - </subfield>
    <subfield code="g">2003. - 150 &#x567;&#x57B;:</subfield>
  </datafield>
  <datafield tag="650" ind1=" " ind2=" ">
    <subfield code="a">&#x53C;&#x580;&#x561;&#x563;&#x580;&#x578;&#x582;&#x569;&#x575;&#x578;&#x582;&#x576;</subfield>
    <subfield code="x">&#x57F;&#x565;&#x57D;&#x578;&#x582;&#x569;&#x575;&#x578;&#x582;&#x576;</subfield>
    <subfield code="x">&#x57A;&#x561;&#x57F;&#x574;&#x578;&#x582;&#x569;&#x575;&#x578;&#x582;&#x576;</subfield>
  </datafield>
  <datafield tag="650" ind1=" " ind2=" ">
    <subfield code="a">&#x53A;&#x578;&#x582;&#x57C;&#x576;&#x561;&#x56C;&#x56B;&#x57D;&#x57F;&#x56B;&#x56F;&#x561;</subfield>
    <subfield code="x">&#x57F;&#x565;&#x57D;&#x578;&#x582;&#x569;&#x575;&#x578;&#x582;&#x576;</subfield>
    <subfield code="x">&#x57A;&#x561;&#x57F;&#x574;&#x578;&#x582;&#x569;&#x575;&#x578;&#x582;&#x576;</subfield>
  </datafield>
  <datafield tag="700" ind1="1" ind2=" ">
    <subfield code="a">&#x531;&#x576;&#x561;&#x576;&#x575;&#x561;&#x576; &#x533;.</subfield>
    <subfield code="4">&#x56D;&#x574;&#x562;.</subfield>
    <subfield code="e">edt.</subfield>
  </datafield>
  <datafield tag="710" ind1=" " ind2=" ">
    <subfield code="a">&#x535;&#x580;&#x587;&#x561;&#x576;&#x56B; &#x57A;&#x565;&#x57F;&#x561;&#x56F;&#x561;&#x576; &#x570;&#x561;&#x574;&#x561;&#x56C;&#x57D;&#x561;&#x580;&#x561;&#x576;</subfield>
    <subfield code="b"> &#x53A;&#x578;&#x582;&#x57C;&#x576;&#x561;&#x56C;&#x56B;&#x57D;&#x57F;&#x56B;&#x56F;&#x561;&#x575;&#x56B; &#x586;&#x561;&#x56F;&#x578;&#x582;&#x56C;&#x57F;&#x565;&#x57F;</subfield>
  </datafield>
  <datafield tag="942" ind1=" " ind2=" ">
    <subfield code="2">udc</subfield>
    <subfield code="c">BK</subfield>
  </datafield>
  <datafield tag="999" ind1=" " ind2=" ">
    <subfield code="c">64699</subfield>
    <subfield code="d">64699</subfield>
  </datafield>
  <datafield tag="952" ind1=" " ind2=" ">
    <subfield code="0">0</subfield>
    <subfield code="1">0</subfield>
    <subfield code="2">udc</subfield>
    <subfield code="4">0</subfield>
    <subfield code="7">0</subfield>
    <subfield code="8">&#x533;&#x580;&#x561;&#x57A;&#x561;&#x570;&#x578;&#x581;</subfield>
    <subfield code="a">SEM</subfield>
    <subfield code="b">SEM</subfield>
    <subfield code="d">2016-05-20</subfield>
    <subfield code="g">300.00</subfield>
    <subfield code="i">24083</subfield>
    <subfield code="l">0</subfield>
    <subfield code="o">002.703(09)/&#x53A;-97</subfield>
    <subfield code="p">24083</subfield>
    <subfield code="r">2016-05-20</subfield>
    <subfield code="w">2022-06-08</subfield>
    <subfield code="y">BK</subfield>
    <subfield code="z">&#x54D;&#x57A;&#x561;&#x57D;&#x561;&#x580;&#x56F;&#x57E;&#x578;&#x582;&#x574; &#x567; &#x568;&#x576;&#x569;&#x565;&#x580;&#x581;&#x561;&#x57D;&#x580;&#x561;&#x570;</subfield>
  </datafield>
</record>
